| 000 | 00608nam a2200229 a 4500 | ||
|---|---|---|---|
| 001 | 9032 | ||
| 003 | BD-RjUL | ||
| 005 | 20211208234713.0 | ||
| 008 | 140120t1953 nyua b 001 0 eng d | ||
| 035 | _a(BD-RjUL) | ||
| 035 | _a(BD-RjUL)9077 | ||
| 040 |
_aD2035 _beng _cD2035 _dBD-RjUL |
||
| 041 | _aeng | ||
| 082 | 0 | 4 |
_a530.141 _216 _bKRE 1953 |
| 100 | 1 |
_aKraus, John Daniel. _928036 |
|
| 245 | 1 | 0 |
_aElectromagnetics / _cJohn D. Kraus. |
| 260 |
_aNew York : _bMcgraw-Hill, _cc1953. |
||
| 300 |
_a604 p. : _bill. ; _c24 cm. |
||
| 504 | _aIncludes index. | ||
| 650 | 0 |
_aElectromagnetism. _9401 |
|
| 942 |
_2ddc _cBK |
||
| 999 |
_c9032 _d9032 |
||